000
00255nam a2200097Ia 4500
001
719720
005
20250826163048.0
008
250824s9999 xx 000 0 und d
245
0
_a
SONUNDA ÖLÜM GELDİ
_c
AGATHA CHRISTIE
260
_b
ALTIN KİTAPLAR YAYINLARI
999
_c
719720
_d
719720